ACCESS TO LEGAL EDUCATION AND THE LEGAL PROFESSION (Record no. 44)
[ view plain ]
| 000 -LEADER | |
|---|---|
| fixed length control field | 00626nam a22001577a 4500 |
| 005 - DATE AND TIME OF LATEST TRANSACTION | |
| control field | 20110725095416.0 |
| 008 - FIXED-LENGTH DATA ELEMENTS--GENERAL INFORMATION | |
| fixed length control field | 110406t xxu||||| |||| 00| 0 eng d |
| 020 ## - INTERNATIONAL STANDARD BOOK NUMBER | |
| International Standard Book Number | 0406700656 |
| 082 ## - DEWEY DECIMAL CLASSIFICATION NUMBER | |
| Edition number | 22 |
| Classification number | 340.07 |
| 100 ## - MAIN ENTRY--PERSONAL NAME | |
| Personal name | RAJEEV DHAVAN, NEIL KIBBLE, WILLIAM TWINING |
| Numeration | 3 |
| 9 (RLIN) | 124 |
| 245 ## - TITLE STATEMENT | |
| Title | ACCESS TO LEGAL EDUCATION AND THE LEGAL PROFESSION |
| Statement of responsibility, etc | RAJEEV DHAVAN, NEIL KIBBLE, WILLIAM TWINING |
| 260 ## - PUBLICATION, DISTRIBUTION, ETC. (IMPRINT) | |
| Place of publication, distribution, etc | EDINBURGH, UK |
| Name of publisher, distributor, etc | BUTTERWORTH & (PUBLISHERS) LTD |
| Date of publication, distribution, etc | 1989 |
| 300 ## - PHYSICAL DESCRIPTION | |
| Extent | xiv.343 |
| Dimensions | 23 |
| 942 ## - ADDED ENTRY ELEMENTS (KOHA) | |
| Source of classification or shelving scheme | Dewey Decimal Classification |
| Item type | Books |
| Withdrawn status | Lost status | Source of classification or shelving scheme | Damaged status | Not for loan | Home library | Current library | Shelving location | Date acquired | Total Checkouts | Full call number | Barcode | Date last seen | Price effective from | Koha item type |
|---|---|---|---|---|---|---|---|---|---|---|---|---|---|---|
| Dewey Decimal Classification | Law Development Centre Main Library | Law Development Centre Main Library | Text Books and Laws | 04/06/2011 | 340.07 ACC | 2011/2549 | 04/06/2011 | 04/06/2011 | Books |
